000 01818nam a2200397 c 4500
003 BLK
005 20210920145655.0
008 180408b bul|||||r ||||||| ||bul||
010 _aKNG00087718000
020 _a978-954-8496-79-7
_bиздат.: ДИОНИС
040 _aBLK
041 _aBUL
_cBUL
072 7 _2bullib
_aН33
_xИкономика Н
080 _aТуризмът от стопанско гледище. Политика по отношение на туризма. Икономика и организация на туризма. Вътрешен и международен туризъм. Вж и 379.8
_b338.48
_x(075)
_z338.48(075)
100 1 _aПлачкова, Мария
_eпърви автор
_9300852
700 1 _aПенева, Пенка
_eсъавт.
_9298659
700 1 _aРайчев, Радослав
_eсъавт.
_9296383
139 _aПлачкова, Мария и др.
_bП 58
245 1 0 _aМениджмънт в туризма
_cМария Плачкова; съавт. Пенка Пенева; съавт. Радослав Райчев.
257 _aBGR
260 София
_bДИОНИС
_c2008
_fБлагоевград : ИНФОдизайн
300 _a142 с.
_bс ил., табл.
_c28 см
380 _a62
500 _aОфс. изд. - Библиогр. с. 141.
650 4 _aТуризъм - управление и организация
_9270469
650 4 _aТуризъм, международен - икономика и организация
_9248420
653 _aтуризъм
653 _aмениджмънт
653 _aучебници
659 _aН
852 _aЦб ІІ 15518
856 4 _qpdf
_u
856 4 _qpdf
_u
942 _cKNG
_n0
_05
944 _aCR
_c10.02.2009
_lф /
_kМилена_Ачева
944 _aED
_c06.01.2015
_lф /
_kЛюдмила_Стоянова
999 _c83174
_d83174